Anointed to serve: (Record no. 13714)

000 -LEADER
fixed length control field 01034nam a2200229 a 4500
001 - CONTROL NUMBER
control field :::00011537$&:&@@
003 - CONTROL NUMBER IDENTIFIER
control field OkBaRHE
005 - DATE AND TIME OF LATEST TRANSACTION
control field 20000607103409.0
008 - FIXED-LENGTH DATA ELEMENTS--GENERAL INFORMATION
fixed length control field s1971 j 000 0 eng u
040 ## - CATALOGING SOURCE
Transcribing agency
100 1# - MAIN ENTRY--PERSONAL NAME
Personal name Menzies, William W.
245 10 - TITLE STATEMENT
Title Anointed to serve:
Remainder of title the story of the Assemblies of God.
260 ## - PUBLICATION, DISTRIBUTION, ETC. (IMPRINT)
Place of publication, distribution, etc Springfield, MO., :
Name of publisher, distributor, etc Gospel Publishing House
Date of publication, distribution, etc 1971
300 ## - PHYSICAL DESCRIPTION
Extent 436 p. : illus., port. ;
Dimensions 23 cm.
650 ## - SUBJECT ADDED ENTRY--TOPICAL TERM
Topical term or geographic name as entry element Assemblies of God
General subdivision History
942 ## - ADDED ENTRY ELEMENTS (KOHA)
Source of classification or shelving scheme
Koha item type Books
Copies
Source of classification or shelving scheme Full call number Barcode Date last seen Price effective from Koha item type Copy number Shelving location Withdrawn status Permanent Location Lost status Date acquired Damaged status Not for loan
 BX 6198 .A7M43115372010-04-142010-04-14Books1General Stacks RHEMA Bible Training College 2010-04-14  
 BX 6198 .A7M43167252010-04-142010-04-14Books2General Stacks RHEMA Bible Training College 2010-04-14  
 BX 6198 .A7M43167262010-04-142010-04-14Books3General Stacks RHEMA Bible Training College 2010-04-14  
 BX 6198 .A7M43167272010-04-142010-04-14Books4General Stacks RHEMA Bible Training College 2010-04-14  
 BX 6198 .A7M43167282010-04-142010-04-14Books5General Stacks RHEMA Bible Training College 2010-04-14